00457nam a2200193Ia 4500003000900000008004100009040001300050040001300063041000900076100002000085100000900105245008600114250001000200260001600210260000900226300001200235300001000247490000600257IT-RoPAU120407s9999 xx 000 0 und d aIT-RoPAU cIT-RoPAU alat  aAugustinus Merk cs.j. aIntroductionis in S. Scripturae libros. Compendium a R. Cornely primo exaratum... aParis aLethielleux c1929 a1092 p. c25 cm v1